Central Library OPAC University of Rajshahi

The epistemology of a priori knowledge / (Record no. 57125)

MARC details
000 -LEADER
fixed length control field 01030nam a2200289 a 4500
001 - CONTROL NUMBER
control field 57125
003 - CONTROL NUMBER IDENTIFIER
rucl marc code BD-RjUL
005 - DATE AND TIME OF LATEST TRANSACTION
control field 20211209080454.0
008 - FIXED-LENGTH DATA ELEMENTS--GENERAL INFORMATION
fixed length control field 161206s2006 enk b 001 0 eng
020 ## - INTERNATIONAL STANDARD BOOK NUMBER
International Standard Book Number 9780195182712
International Standard Book Number 0195182715 (alk. paper)
035 ## - SYSTEM CONTROL NUMBER
System control number (BD-RjUL) 57249
040 ## - CATALOGING SOURCE
Original cataloging agency DLC
Transcribing agency DLC
Modifying agency BD-RjUL
Language of cataloging eng
041 ## - LANGUAGE CODE
Language code of text/sound track or separate title eng
082 00 - DEWEY DECIMAL CLASSIFICATION NUMBER
Classification number 121.3
Edition number 23
Author mark and year HOE 2006
100 1# - MAIN ENTRY--PERSONAL NAME
Personal name Horowitz, Tamara.
9 (RLIN) 169697
245 14 - TITLE STATEMENT
Title The epistemology of a priori knowledge /
Statement of responsibility, etc. Tamara Horowitz ; edited by Joseph L. Camp, Jr.
260 ## - PUBLICATION, DISTRIBUTION, ETC. (IMPRINT)
Place of publication, distribution, etc. New York :
Name of publisher, distributor, etc. Oxford University Press,
Date of publication, distribution, etc. 2006.
300 ## - PHYSICAL DESCRIPTION
Pagination 195 p. ;
Size 25 cm.
504 ## - BIBLIOGRAPHY, ETC. NOTE
Bibliography, etc Includes bibliographical references and index.
650 #0 - SUBJECT ADDED ENTRY--TOPICAL TERM
Topical term or geographic name as entry element A priori.
9 (RLIN) 169698
700 1# - ADDED ENTRY--PERSONAL NAME
Personal name Camp, Joseph L.
856 42 - ELECTRONIC LOCATION AND ACCESS
Materials specified Publisher description
Uniform Resource Identifier <a href="http://www.loc.gov/catdir/enhancements/fy0637/2004063611-d.html">http://www.loc.gov/catdir/enhancements/fy0637/2004063611-d.html</a>
Materials specified Contributor biographical information
Uniform Resource Identifier <a href="http://www.loc.gov/catdir/enhancements/fy0724/2004063611-b.html">http://www.loc.gov/catdir/enhancements/fy0724/2004063611-b.html</a>
942 ## - ADDED ENTRY ELEMENTS (KOHA)
Source of classification or shelving scheme Dewey Decimal Classification
Koha item type Books
Holdings
Lost status Source of classification or shelving scheme Damaged status Not for loan Collection code Permanent Location Current Location Shelving location Date acquired Source of acquisition Cost, normal purchase price Total Checkouts Full call number Date last seen Copy number Koha item type
  Dewey Decimal Classification   Not For Loan Non-fiction Central Library, University of Rajshahi Central Library, University of Rajshahi Reading Room 02/07/2013 Dhaka paragon enterprises ltd. 3.59   121.3 HOE 2006 06/12/2016 C-1 Books